50 Biggest US Cities with Spanish Names - Statistics

General Stats
  • This quiz has been taken 1,816 times
  • The average score is 22 of 50
Answer Stats
Rank State Pop Spanish Name % Correct
1 CA 3,972,000 Los Angeles
98%
3 CA 1,395,000 San Diego
97%
5 CA 863,000 San Francisco
95%
2 TX 1,470,000 San Antonio
93%
7 NV 624,000 Las Vegas
92%
4 CA 1,027,000 San Jose
92%
6 TX 681,000 El Paso
90%
8 NM 559,000 Albuquerque
81%
49 NM 84,000 Santa Fe
79%
10 CA 491,000 Sacramento
77%
11 AZ 472,000 Mesa
67%
9 CA 520,000 Fresno
65%
12 CA 335,000 Santa Ana
65%
17 CA 216,000 San Bernardino
64%
14 OH 280,000 Toledo
59%
44 CA 92,000 Santa Barbara
58%
19 TX 199,000 Amarillo
55%
16 TX 255,000 Laredo
53%
37 NM 102,000 Las Cruces
53%
20 CA 182,000 Santa Clarita
50%
27 CA 126,000 Santa Clara
49%
42 CA 93,000 Santa Monica
49%
15 CA 266,000 Chula Vista
47%
22 CA 175,000 Santa Rosa
43%
13 TX 284,000 Plano
42%
34 CA 105,000 Santa Maria
39%
18 CA 211,000 Modesto
37%
33 CO 109,000 Pueblo
35%
21 CA 175,000 Rancho Cucamonga
28%
36 CA 103,000 San Mateo
28%
25 CA 151,000 Escondido
27%
40 NM 94,000 Rio Rancho
27%
24 CA 157,000 Salinas
24%
32 CA 110,000 San Buenaventura (Ventura)
24%
23 CA 166,000 Corona
23%
28 CA 121'000 Vallejo
22%
35 CA 104,000 El Cajon
21%
39 TX 100,000 San Angelo
21%
41 FL 93,000 Boca Raton
19%
43 CA 93,000 San Marcos
19%
46 CA 90,000 Chico
18%
29 CA 117,000 El Monte
18%
26 FL 137,000 Miramar
16%
30 CA 113,000 Costa Mesa
15%
50 CA 82,000 Merced
14%
38 CA 101,000 Vista
14%
47 CA 88,000 Indio
13%
45 CA 91,000 San Leandro
13%
31 CA 110,000 Murrieta
10%
48 CA 85,000 Alhambra
8%
No matching quizzes found
Score Distribution
Percent of People with Each Score
Percentile by Number Answered
Your Score History
You have not taken this quiz